|
|
|
|
| LEADER |
00000cam a2200000 a 4500 |
| 001 |
vtls010686540 |
| 003 |
SK-MaSNL |
| 005 |
20260301040505.0 |
| 007 |
fb a un a |
| 008 |
240315s2015 xo ff 000 f slo |
| 015 |
|
|
|a SNBK2015
|
| 020 |
|
|
|a 9788018035849
|q (brož.)
|
| 040 |
|
|
|a SNK
|b slo
|c SNK
|e AACR2
|
| 041 |
0 |
|
|a slo
|
| 044 |
|
|
|a xo
|c SK
|
| 072 |
|
7 |
|a 821.162.4-3
|x Slovenská próza
|2 konspekt
|
| 080 |
|
|
|a 821.162.4-31
|2 2001
|
| 080 |
|
|
|a (0:003.24)
|2 2001
|
| 080 |
|
|
|a (0:82-31)
|2 2001
|
| 100 |
1 |
|
|a Wurm, Monika,
|d 1983-
|4 aut
|9 186593
|
| 245 |
1 |
0 |
|a Slzy predaných dievčat
|h Braillovo písmo
|c Monika Wurm ; [korektor: Ingrida Richterová]
|
| 260 |
|
|
|a Levoča
|b Slovenská knižnica pre nevidiacich Mateja Hrebendu
|c 2015
|
| 300 |
|
|
|a 8 zv. v Braillovom písme
|c 26 x 32 cm
|
| 520 |
8 |
|
|a Zdanlivo pokojný život chudobnej polosiroty Malaye sa prevráti na ruby. Otec - alkoholik ju predá mafii, ktorá obchoduje s bielym mäsom. Úbohé 16-ročné dievča prepašujú za katastrofálnych podmienok do Dubaja ako luxusnú spoločníčku. Po smrti prvého pána, Malayu osud nečakane zaveje do rúk iného muža. Dokáže si zlatooká dievčina získať srdce svojho nového pána? Aký osud očakáva Malayu v krajine nekonečných možností a zdanlivého bohatstva?
|
| 655 |
|
7 |
|a publikácie pre nevidiacich
|2 SNKPH
|9 70695
|
| 655 |
|
7 |
|a publikácie v Braillovom písme
|2 SNKPH
|9 222610
|
| 655 |
|
7 |
|a slovenské romány
|2 SNKPH
|9 70324
|
| 700 |
1 |
|
|a Richterová, Ingrida
|4 pfr
|9 303020
|
| 787 |
0 |
8 |
|i Podľa knihy:
|t Slzy predaných dievčat
|d [Bratislava] : Motýľ, 2014
|z 978-80-8164-034-6
|
| 919 |
|
|
|a 978-80-18-03584-9
|
| 958 |
|
|
|a SX
|
| 958 |
|
|
|a LX
|
| 999 |
|
|
|c 586237
|d 588167
|
| 952 |
|
|
|a SNK
|b SNK
|y PREZ
|7 0
|p 17A1169511
|o snkOSB 18063/3
|i snk2015/23845
|8 0
|0 0
|1 0
|4 0
|d 2015-08-05
|l 0
|r 2026-02-23 15:08:37
|w 2026-02-23
|
| 952 |
|
|
|a SNK
|b SNK
|y PREZ
|7 0
|p 17A1169512
|o snkOSB 18063/4
|i snk2015/23846
|8 0
|0 0
|1 0
|4 0
|d 2015-08-05
|l 0
|r 2026-02-23 15:08:37
|w 2026-02-23
|
| 952 |
|
|
|a SNK
|b SNK
|y PREZ
|7 0
|p 17A1169513
|o snkOSB 18063/5
|i snk2015/23847
|8 0
|0 0
|1 0
|4 0
|d 2015-08-05
|l 0
|r 2026-02-23 15:08:37
|w 2026-02-23
|
| 952 |
|
|
|a SNK
|b SNK
|y PREZ
|7 0
|p 17A1169514
|o snkOSB 18063/6
|i snk2015/23848
|8 0
|0 0
|1 0
|4 0
|d 2015-08-05
|l 0
|r 2026-02-23 15:08:37
|w 2026-02-23
|
| 952 |
|
|
|a SNK
|b SNK
|y PREZ
|7 0
|p 17A1169515
|o snkOSB 18063/7
|i snk2015/23849
|8 0
|0 0
|1 0
|4 0
|d 2015-08-05
|l 0
|r 2026-02-23 15:08:37
|w 2026-02-23
|
| 952 |
|
|
|a SNK
|b SNK
|y PREZ
|7 0
|p 17A1169516
|o snkOSB 18063/8
|i snk2015/23850
|8 0
|0 0
|1 0
|4 0
|d 2015-08-05
|l 0
|r 2026-02-23 15:08:38
|w 2026-02-23
|
| 952 |
|
|
|a SNK
|b SNK
|y PREZ
|7 0
|p 17A1169509
|o snkOSB 18063/1
|i snk2015/23843
|8 0
|0 0
|1 0
|4 0
|d 2015-08-05
|l 0
|r 2026-02-23 15:08:38
|w 2026-02-23
|
| 952 |
|
|
|a SNK
|b SNK
|y PREZ
|7 0
|p 17A1169510
|o snkOSB 18063/2
|i snk2015/23844
|8 0
|0 0
|1 0
|4 0
|d 2015-08-05
|l 0
|r 2026-02-23 15:08:38
|w 2026-02-23
|